هيمنة القرون الاربعة و احاديث اخرى / (رقم التسجيلة. 99050)

تفاصيل مارك
000 -LEADER
fixed length control field 008940am a2200277 004500
003 - CONTROL NUMBER IDENTIFIER
control field EG-GiCUC
008 - FIXED-LENGTH DATA ELEMENTS--GENERAL INFORMATION
fixed length control field 080420s1992 ly g 000 0 ara d
017 ## - COPYRIGHT OR LEGAL DEPOSIT NUMBER
Copyright or legal deposit number 1992 / 1311
Assigning agency ليبيا.دار الكتب الوطنية
020 ## - INTERNATIONAL STANDARD BOOK NUMBER
International Standard Book Number 9959812103
040 ## - CATALOGING SOURCE
Original cataloging agency EG-GiCUC
Language of cataloging ara
Transcribing agency EG-GiCUC
041 1# - LANGUAGE CODE
Language code of text/sound track or separate title ara
Language code of original eng
043 ## - GEOGRAPHIC AREA CODE
Geographic area code ma-----
092 04 - LOCALLY ASSIGNED DEWEY CALL NUMBER (OCLC)
Classification number 306.08953
Item number M2978
Edition number 21
099 ## - LOCAL FREE-TEXT CALL NUMBER (OCLC)
Classification number 04
-- 306.08953 M2978
100 1# - MAIN ENTRY--PERSONAL NAME
Personal name المقهور : كامل حسن
245 10 - TITLE STATEMENT
Title هيمنة القرون الاربعة و احاديث اخرى /
Statement of responsibility, etc. كامل حسن المقهور
250 ## - EDITION STATEMENT
Edition statement ط1
260 ## - PUBLICATION, DISTRIBUTION, ETC.
Place of publication, distribution, etc. ليبيا :
Name of publisher, distributor, etc. دار الرواد :
Date of publication, distribution, etc. 1992
300 ## - PHYSICAL DESCRIPTION
Extent 99ص ؛
Dimensions 24سم
650 #7 - SUBJECT ADDED ENTRY--TOPICAL TERM
Topical term or geographic name entry element التنمية الثقافية
Geographic subdivision العالم العربى
Source of heading or term qrmak
902 ## - LOCAL DATA ELEMENT B, LDB (RLIN)
No. of Items 1
905 ## - LOCAL DATA ELEMENT E, LDE (RLIN)
Cataloger ايمان ع
Reviser مراجع
905 ## - LOCAL DATA ELEMENT E, LDE (RLIN)
Cataloger رضا
Reviser مدخل
942 ## - ADDED ENTRY ELEMENTS (KOHA)
Source of classification or shelving scheme Dewey Decimal Classification
Koha item type Books
المقتنيات
Source of classification or shelving scheme Not for loan Home library Current library Date acquired Full call number Barcode Date last seen Copy number Koha item type
Dewey Decimal Classification   المكتبة المركزبة الجديدة - جامعة القاهرة قاعة الكتب - الدور الثاني 11.02.2024 306.08953 M2978 01000100117787000 23.09.2023 C.1 Books
Cairo University Libraries Portal Implemented & Customized by: Eng. M. Mohamady Contacts: new-lib@cl.cu.edu.eg | cnul@cl.cu.edu.eg
CUCL logo CNUL logo
© All rights reserved — Cairo University Libraries
CUCL logo
Implemented & Customized by: Eng. M. Mohamady Contact: new-lib@cl.cu.edu.eg © All rights reserved — New Central Library
CNUL logo
Implemented & Customized by: Eng. M. Mohamady Contact: cnul@cl.cu.edu.eg © All rights reserved — Cairo National University Library